[Event "GS Open"]
[Site "Riga, Latvia"]
[Date "2021.11.03"]
[Round "7.50"]
[White "Vokhidov Shamsiddin  (UZB)"]
[Black "Sethuraman S.P.  (IND)"]
[Result "1/2-1/2"]
[WhiteElo "2521"]
[BlackElo "2620"]

1. e4 {[%clk 01:40:56]} {[%emt 00:00:03]} c5 {[%clk 01:40:49]} {[%emt
00:00:11]} 2. Nf3 {[%clk 01:41:17]} {[%emt 00:00:09]} d6 {[%clk 01:41:14]}
{[%emt 00:00:05]} 3. Bb5+ {[%clk 01:41:35]} {[%emt 00:00:11]} Nd7 {[%clk
01:41:22]} {[%emt 00:00:22]} 4. d4 {[%clk 01:41:56]} {[%emt 00:00:09]} cxd4
{[%clk 01:41:07]} {[%emt 00:00:46]} 5. Nxd4 {[%clk 01:42:22]} {[%emt 00:00:05]}
Ngf6 {[%clk 01:40:41]} {[%emt 00:00:55]} 6. Bd3 {[%clk 01:42:46]} {[%emt
00:00:06]} Nc5 {[%clk 01:37:06]} {[%emt 00:04:05]} 7. Nc3 {[%clk 01:42:53]}
{[%emt 00:00:23]} g6 {[%clk 01:35:40]} {[%emt 00:01:56]} 8. f3 {[%clk
01:40:33]} {[%emt 00:02:50]} Bg7 {[%clk 01:33:41]} {[%emt 00:02:29]} 9. Be3
{[%clk 01:40:55]} {[%emt 00:00:08]} O-O {[%clk 01:32:39]} {[%emt 00:01:32]} 10.
Be2 {[%clk 01:37:54]} {[%emt 00:03:32]} a6 {[%clk 01:26:47]} {[%emt 00:06:22]}
11. O-O {[%clk 01:35:26]} {[%emt 00:02:57]} e6 {[%clk 01:15:17]} {[%emt
00:12:00]} 12. Qd2 {[%clk 01:23:16]} {[%emt 00:12:40]} b6 {[%clk 01:15:41]}
{[%emt 00:00:06]} 13. Rfd1 {[%clk 01:18:28]} {[%emt 00:05:18]} Qc7 {[%clk
01:12:13]} {[%emt 00:03:58]} 14. Nb3 {[%clk 01:11:05]} {[%emt 00:07:52]} Rd8
{[%clk 01:11:04]} {[%emt 00:01:39]} 15. e5 {[%clk 01:07:36]} {[%emt 00:04:00]}
Ne8 {[%clk 01:11:00]} {[%emt 00:00:34]} 16. Nxc5 {[%clk 01:06:12]} {[%emt
00:01:54]} bxc5 {[%clk 01:10:34]} {[%emt 00:00:56]} 17. exd6 {[%clk 01:06:38]}
{[%emt 00:00:04]} Rxd6 {[%clk 01:09:56]} {[%emt 00:01:07]} 18. Qe1 {[%clk
01:06:58]} {[%emt 00:00:10]} Bb7 {[%clk 01:04:55]} {[%emt 00:05:31]} 19. Qf2
{[%clk 01:03:06]} {[%emt 00:04:22]} c4 {[%clk 01:00:18]} {[%emt 00:05:07]} 20.
Bc5 {[%clk 00:59:15]} {[%emt 00:04:22]} Rxd1+ {[%clk 00:55:03]} {[%emt
00:05:45]} 21. Rxd1 {[%clk 00:59:39]} {[%emt 00:00:07]} Be5 {[%clk 00:55:21]}
{[%emt 00:00:11]} 22. g3 {[%clk 00:59:22]} {[%emt 00:00:47]} Nd6 {[%clk
00:39:23]} {[%emt 00:16:29]} 23. Bb6 {[%clk 00:52:53]} {[%emt 00:06:59]} Qc6
{[%clk 00:35:14]} {[%emt 00:04:39]} 24. Bd4 {[%clk 00:43:22]} {[%emt 00:10:01]}
Bxd4 {[%clk 00:31:08]} {[%emt 00:04:36]} 25. Qxd4 {[%clk 00:42:34]} {[%emt
00:01:18]} Nf5 {[%clk 00:27:46]} {[%emt 00:03:52]} 26. Qf2 {[%clk 00:43:00]}
{[%emt 00:00:05]} Qc7 {[%clk 00:16:21]} {[%emt 00:11:54]} 27. Bf1 {[%clk
00:37:36]} {[%emt 00:05:54]} Rb8 {[%clk 00:13:18]} {[%emt 00:03:34]} 28. Ne4
{[%clk 00:25:12]} {[%emt 00:12:54]} Bxe4 {[%clk 00:10:17]} {[%emt 00:03:31]} 29.
fxe4 {[%clk 00:25:40]} {[%emt 00:00:02]} Nd6 {[%clk 00:10:39]} {[%emt
00:00:08]} 30. Qd4 {[%clk 00:25:19]} {[%emt 00:00:51]} Rd8 {[%clk 00:09:24]}
{[%emt 00:01:45]} 31. Qe5 {[%clk 00:21:48]} {[%emt 00:04:01]} Qb6+ {[%clk
00:05:37]} {[%emt 00:04:17]} 32. Kg2 {[%clk 00:21:20]} {[%emt 00:00:58]} Rd7
{[%clk 00:01:57]} {[%emt 00:04:10]} 33. Qd4 {[%clk 00:14:45]} {[%emt 00:07:04]}
Qc6 {[%clk 00:02:24]} {[%emt 00:00:04]} 34. Kg1 {[%clk 00:13:52]} {[%emt
00:01:23]} Rd8 {[%clk 00:02:48]} {[%emt 00:00:06]} 35. Qe5 {[%clk 00:13:44]}
{[%emt 00:00:38]} Kf8 {[%clk 00:02:27]} {[%emt 00:00:51]} 36. Qd4 {[%clk
00:08:58]} {[%emt 00:05:15]} Ke8 {[%clk 00:01:19]} {[%emt 00:01:39]} 37. c3
{[%clk 00:06:05]} {[%emt 00:03:24]} Qb5 {[%clk 00:00:56]} {[%emt 00:00:54]} 38.
b3 {[%clk 00:04:55]} {[%emt 00:01:40]} Qg5 {[%clk 00:00:43]} {[%emt 00:00:43]}
39. bxc4 {[%clk 00:04:12]} {[%emt 00:01:13]} Nb7 {[%clk 00:00:56]} {[%emt
00:00:17]} 40. Qh8+ {[%clk 00:04:02]} {[%emt 00:00:40]} Ke7 {[%clk 00:01:20]}
{[%emt 00:00:06]} 41. Rxd8 {[%clk 00:04:22]} {[%emt 00:00:10]} Qe3+ {[%clk
00:01:07]} {[%emt 00:00:42]} 42. Kg2 {[%clk 00:04:51]} Qxe4+ {[%clk 00:01:15]}
{[%emt 00:00:24]} 43. Kg1 {[%clk 00:05:17]} {[%emt 00:00:04]} Nxd8 {[%clk
00:45:13]} {[%emt 00:06:31]} 44. Qxh7 {[%clk 00:55:16]} {[%emt 00:00:31]} Qe3+
{[%clk 00:44:44]} {[%emt 00:00:59]} 45. Kg2 {[%clk 00:55:45]} {[%emt 00:00:02]}
Nc6 {[%clk 00:25:42]} {[%emt 00:19:32]} 46. Qh4+ {[%clk 00:56:03]} {[%emt
00:00:11]} g5 {[%clk 00:25:44]} {[%emt 00:00:28]} 47. Qg4 {[%clk 00:56:31]}
{[%emt 00:00:02]} f5 {[%clk 00:22:51]} {[%emt 00:03:23]} 48. Qf3 {[%clk
00:55:59]} {[%emt 00:01:02]} Qd2+ {[%clk 00:21:26]} {[%emt 00:01:55]} 49. Qf2
{[%clk 00:44:53]} {[%emt 00:11:37]} Qxc3 {[%clk 00:20:33]} {[%emt 00:01:23]} 50.
Qc5+ {[%clk 00:43:40]} {[%emt 00:01:43]} Kd7 {[%clk 00:20:52]} {[%emt
00:00:11]} 51. Kg1 {[%clk 00:42:48]} {[%emt 00:01:22]} Nd4 {[%clk 00:07:19]}
{[%emt 00:14:03]} 52. Qa7+ {[%clk 00:42:37]} {[%emt 00:00:42]} Ke8 {[%clk
00:07:42]} {[%emt 00:00:06]} 53. Qb8+ {[%clk 00:41:55]} {[%emt 00:01:12]} Kf7
{[%clk 00:07:41]} {[%emt 00:00:30]} 54. Qc7+ {[%clk 00:42:20]} {[%emt
00:00:06]} Kf6 {[%clk 00:02:33]} {[%emt 00:05:39]} 55. Qd6 {[%clk 00:36:24]}
{[%emt 00:06:26]} Qe3+ {[%clk 00:01:36]} {[%emt 00:01:27]} 56. Kh1 {[%clk
00:36:47]} {[%emt 00:00:07]} Qe4+ {[%clk 00:01:47]} {[%emt 00:00:18]} 57. Kg1
{[%clk 00:37:15]} {[%emt 00:00:02]} Qe3+ {[%clk 00:01:06]} {[%emt 00:01:11]} 58.
Kh1 {[%clk 00:37:44]} Kg6 {[%clk 00:01:11]} {[%emt 00:00:25]} 59. Qd8 {[%clk
00:37:28]} {[%emt 00:00:46]} Qe4+ {[%clk 00:01:26]} {[%emt 00:00:15]} 60. Kg1
{[%clk 00:37:56]} {[%emt 00:00:02]} Qe3+ {[%clk 00:01:38]} {[%emt 00:00:19]} 61.
Kh1 {[%clk 00:38:04]} {[%emt 00:00:22]} g4 {[%clk 00:01:45]} {[%emt 00:15:22]}
62. Qg8+ {[%clk 00:50:47]} {[%emt 00:02:48]} Kf6 {[%clk 00:02:11]} {[%emt
00:00:04]} 63. Qf8+ {[%clk 00:50:45]} {[%emt 00:00:32]} Ke5 {[%clk 00:02:37]}
{[%emt 00:00:04]} 64. Qb8+ {[%clk 00:51:02]} {[%emt 00:00:13]} Ke4 {[%clk
00:03:02]} {[%emt 00:00:05]} 65. Qb7+ {[%clk 00:51:13]} {[%emt 00:00:19]} Ke5
{[%clk 00:03:26]} {[%emt 00:00:06]} 66. Qb8+ {[%clk 00:51:28]} {[%emt
00:00:15]} Kf6 {[%clk 00:03:15]} {[%emt 00:00:41]} 67. Qf8+ {[%clk 00:51:46]}
{[%emt 00:00:12]} Kg6 {[%clk 00:02:38]} {[%emt 00:01:07]} 68. Qg8+ {[%clk
00:52:02]} {[%emt 00:00:13]} Kf6 {[%clk 00:03:04]} {[%emt 00:00:04]} 69. Qf8+
{[%clk 00:52:28]} {[%emt 00:00:04]} Kg6 {[%clk 00:03:26]} {[%emt 00:00:09]} 70.
Qg8+ {[%emt 00:00:05]} 1/2-1/2